000 00775nam a22002537a 4500
003 UA-OsUOA
001 30029
007 ta
008 20041103b un ||||| |||| 00| 0 ukr d
100 _aІларіон
090 _a98(477.81):94(477)
_bІ-54
942 _cBK
040 _aUA-OsUOA
_bukr
_cUA-OsUOA
_dUA-OsUOA
245 _aКнязь Костянтин Острозький і його культурна праця
_bІсторична монографія
_cІларіон; Упоряд. С. П. ЛеонтьєвУпоряд. С. П.Леонтьєв
300 _a216 с.
955 _a0
041 _aukr
080 _a98(477.81):94(477)
020 _a5-7707-2333-5
260 _bСвітязь
_c1992
044 _aUA
650 7 _2UDC
999 _c316431
_d316431